Loading...
Geography | 2 | 2 | 0 | 2 | 50 | 52 | 94.25 | 0 | 1 |
History - World History | 0 | 5 | 1 | 2 | 45 | 112 | 133.60 | 0 | 1 |
History - European History | 0 | 4 | 0 | 2 | 40 | 112 | 138.00 | 0 | 0 |
History - Other History | 0 | 3 | 0 | 1 | 30 | 98 | 126.00 | 0 | 2 |
Fine Arts - Other Fine Arts | 1 | 1 | 0 | 0 | 25 | 29 | 68.50 | 1 | 1 |
Social Science | 0 | 2 | 0 | 0 | 20 | 137 | 142.00 | 0 | 0 |
Fine Arts - Visual Fine Arts | 0 | 2 | 0 | 1 | 20 | 107 | 137.00 | 0 | 0 |
Literature - European Literature | 0 | 2 | 0 | 0 | 20 | 129 | 146.00 | 0 | 0 |
History - US History | 0 | 2 | 2 | 0 | 10 | 116 | 131.50 | 0 | 0 |
Fine Arts - Classical Music and Opera | 0 | 1 | 0 | 1 | 10 | 156 | 156.00 | 0 | 1 |
Beliefs | 0 | 1 | 0 | 0 | 10 | 139 | 139.00 | 0 | 1 |
Literature - World Literature | 0 | 1 | 0 | 1 | 10 | 149 | 149.00 | 0 | 0 |
Modern World | 0 | 1 | 0 | 1 | 10 | 131 | 131.00 | 0 | 0 |
Science - Physics | 0 | 0 | 0 | 0 | 0 | 0.00 | 0 | 0 | |
Science - Chemistry | 0 | 0 | 1 | 0 | -5 | 0.00 | 0 | 0 |